<?xml version="1.0" encoding="UTF-8"?>
<collection xmlns="http://www.loc.gov/MARC21/slim">
<record>
  <controlfield tag="001">169834</controlfield>
  <controlfield tag="005">20260304131019.0</controlfield>
  <datafield tag="037" ind1=" " ind2=" ">
    <subfield code="a">TAZ-TFG-2025-4724</subfield>
  </datafield>
  <datafield tag="041" ind1=" " ind2=" ">
    <subfield code="a">spa</subfield>
  </datafield>
  <datafield tag="100" ind1="1" ind2=" ">
    <subfield code="a">Cortés Rambla, Ana</subfield>
  </datafield>
  <datafield tag="242" ind1="0" ind2="0">
    <subfield code="a">Evaluation and Monitoring of Ecological Restoration in the Municipality of La Zoma (Teruel) After the 2009 Wildfire</subfield>
  </datafield>
  <datafield tag="245" ind1="0" ind2="0">
    <subfield code="a">Evaluación y seguimiento de la restauración ecológica desarrollada en el municipio de la Zoma (Teruel) tras el incendio forestal de 2009</subfield>
  </datafield>
  <datafield tag="260" ind1=" " ind2=" ">
    <subfield code="a">Zaragoza</subfield>
    <subfield code="b">Universidad de Zaragoza</subfield>
    <subfield code="c">2025</subfield>
  </datafield>
  <datafield tag="506" ind1=" " ind2=" ">
    <subfield code="a">by-nc-sa</subfield>
    <subfield code="b">Creative Commons</subfield>
    <subfield code="c">3.0</subfield>
    <subfield code="u">http://creativecommons.org/licenses/by-nc-sa/3.0/</subfield>
  </datafield>
  <datafield tag="520" ind1=" " ind2=" ">
    <subfield code="a">En este trabajo se va a evaluar la supervivencia de la reforestación realizada en cuatro rodales del término municipal de La Zoma (Teruel) en abril de 2021, afectados por el incendio de Aliaga–Ejulve de 2009. Para ello, se registró el estado de 3.244 plantones de ocho especies diferentes en dos muestreos realizados en julio y octubre de 2021. El análisis consistió en pruebas de Chi-cuadrado para evaluar la mortalidad estival de la plantación globalmente, por rodales y por especies; y pruebas no paramétricas de Kruskal–Wallis para comparar los porcentajes de supervivencia entre rodales, por grupos topográficos (altitud, pendiente y orientación) y por especies. Los resultados mostraron una disminución significativa de la supervivencia global tras el verano (del 89,5% al 81,2%) y algunas diferencias entre rodales, aunque finalmente no fueron estadísticamente significativas. La altitud y la orientación influyeron en la supervivencia, registrándose mayores valores en las zonas de mayor elevación y en orientaciones intermedias entre umbría y solana; en cambio, la pendiente no influyó en ella. Las especies dominantes, Pinus sp., Quercus ilex y Juniperus thurifera, presentaron mortalidades estivales significativas; Quercus faginea no presentó cambios sustanciales. Las especies acompañantes no sufrieron cambios significativos.&lt;br /></subfield>
  </datafield>
  <datafield tag="521" ind1=" " ind2=" ">
    <subfield code="a">Graduado en Ciencias Ambientales</subfield>
  </datafield>
  <datafield tag="540" ind1=" " ind2=" ">
    <subfield code="a">Derechos regulados por licencia Creative Commons</subfield>
  </datafield>
  <datafield tag="653" ind1="1" ind2=" ">
    <subfield code="a">Repoblación forestal</subfield>
  </datafield>
  <datafield tag="653" ind1="1" ind2=" ">
    <subfield code="a">Incendio</subfield>
  </datafield>
  <datafield tag="653" ind1="1" ind2=" ">
    <subfield code="a">Restauración ecológica</subfield>
  </datafield>
  <datafield tag="653" ind1="1" ind2=" ">
    <subfield code="a">La Zoma</subfield>
  </datafield>
  <datafield tag="856" ind1="0" ind2=" ">
    <subfield code="f">740801@unizar.es</subfield>
  </datafield>
  <datafield tag="856" ind1="4" ind2=" ">
    <subfield code="s">28469699</subfield>
    <subfield code="u">http://zaguan.unizar.es/record/169834/files/TAZ-TFG-2025-4724.pdf</subfield>
    <subfield code="y">Memoria (spa)</subfield>
  </datafield>
  <datafield tag="909" ind1="C" ind2="O">
    <subfield code="o">oai:zaguan.unizar.es:169834</subfield>
    <subfield code="p">driver</subfield>
    <subfield code="p">trabajos-fin-grado</subfield>
  </datafield>
  <datafield tag="950" ind1=" " ind2=" ">
    <subfield code="a"></subfield>
  </datafield>
  <datafield tag="691" ind1=" " ind2=" ">
    <subfield code="a">6 13 15</subfield>
  </datafield>
  <datafield tag="692" ind1=" " ind2=" ">
    <subfield code="a">Artíulo 6: Agua limpia y saneamiento.  Tras la finalización del proyecto Plantando agua, se prevé mejorar la cantidad de agua  disponible en la zona, tanto de agua verde como de agua azul, de la que podrá  beneficiarse directamente la población local. Además, también se promoverá la  economía de la zona al estar presente la embotelladora de agua “Aquabona”, la cual  se verá beneficiada de este proyecto al aumentar el agua del manantial de donde  extraen su materia prima.   Artículo 15: Vida de ecosistemas terrestres.   Al devolver la cobertura vegetal a la zona, las especies de animales silvestres podrán  regresar a la zona al disponer de nuevo de los hábitats y refugios que esta  proporciona, aumentando así la biodiversidad y la riqueza de especies.   Artícuo 13: Acción por el clima.  De forma más sutil e indirecta, la realización de este proyecto para devolver a la zona  su anterior cobertura vegetal, ahora ausente, servirá para amortiguar los efectos del  clima como tormentas fuertes o suavizar las temperaturas, además de convertirse de  nuevo en un gran sumidero de carbono.</subfield>
  </datafield>
  <datafield tag="700" ind1=" " ind2=" ">
    <subfield code="a">Nicolau Ibarra, José Manuel</subfield>
    <subfield code="e">dir.</subfield>
  </datafield>
  <datafield tag="700" ind1=" " ind2=" ">
    <subfield code="a">Reiné Viñales, Ramón Juan</subfield>
    <subfield code="e">dir.</subfield>
  </datafield>
  <datafield tag="710" ind1="2" ind2=" ">
    <subfield code="a">Universidad de Zaragoza</subfield>
    <subfield code="b">Ciencias Agrarias y del Medio Natural</subfield>
    <subfield code="c">Ecología</subfield>
  </datafield>
  <datafield tag="980" ind1=" " ind2=" ">
    <subfield code="a">TAZ</subfield>
    <subfield code="b">TFG</subfield>
    <subfield code="c">EPSHUES</subfield>
  </datafield>
  <datafield tag="999" ind1=" " ind2=" ">
    <subfield code="a">20251124012643.CREATION_DATE</subfield>
  </datafield>
  <datafield tag="951" ind1=" " ind2=" ">
    <subfield code="a">deposita:2026-03-04</subfield>
  </datafield>
</record>
</collection>